| 000 | 01432nam a22003617a 4500 | ||
|---|---|---|---|
| 001 | 6212 | ||
| 003 | FISKH | ||
| 005 | 20250619130956.0 | ||
| 008 | 250331b cb ||||| |||| 00| 0 eng d | ||
| 020 | _a9780439906784 | ||
| 040 |
_aDLC _cDLC _dDLC _beng |
||
| 050 | _aPZ7.C59118 R | ||
| 082 | _a523 | ||
| 100 | 1 |
_aClements, Andrew, _d(1949-2019) |
|
| 245 | 1 | 4 |
_aThe report card / _cAndrew Clements |
| 250 | _aThis edition first published in 2006 | ||
| 260 |
_aNew York : _bScholastic, _c2004. |
||
| 300 |
_a173 pages : _c20 cm |
||
| 505 | _aR | ||
| 520 | _aFifth-grader Nora Rowley has always hidden the fact that she is a genius from everyone because all she wants is to be normal, but when she comes up with a plan to prove that grades are not important, things begin to get out of control. | ||
| 521 | 1 |
_a700
_bLexile |
|
| 521 | 1 |
_aR
_bRaz-Plus |
|
| 650 | 1 |
_aGrading and marking (Students) _vFiction. |
|
| 650 | 1 |
_aAchievement tests _vFiction. |
|
| 650 | 1 |
_aSchools _vFiction. |
|
| 650 | 1 |
_aGenius _vFiction. |
|
| 856 | 4 | 2 |
_3Contributor biographical information _uhttp://www.loc.gov/catdir/bios/simon052/2003007384.html |
| 856 | 4 | 2 |
_3Publisher description _uhttp://www.loc.gov/catdir/description/simon052/2003007384.html |
| 856 | 4 | 1 |
_3Sample text _uhttp://www.loc.gov/catdir/enhancements/fy0641/2003007384-s.html |
| 906 |
_a7 _bcbc _corignew _d1 _eecip _f20 _gy-gencatlg |
||
| 942 |
_2ddc _cBK _n0 |
||
| 999 |
_c6212 _d6212 |
||